8 mots dans mots : non (mort subite) - Statistiques

Statistiques générales
  • Ce quiz a été pris 28 fois
  • Le résultat moyen est 6 sur 8
Answers on the Grid
Answers color-coded by a green-red scale on the quiz's grid according to % correct below.
tire-bouc---ner
dé---ciatrice
encapuc---ner
radiotélép---iste
re---ciatrice
francop---isation
impro---çable
champig---nière
p---ologiquement
mo---ucléosique
torc---ner
ca---nier-marin
ronc---ner
pro---ciation
dés---orer
contre-dé---ciation
 
Statistiques - réponses
Réponse % Correct
dé---ciatrice
86%
impro---çable
82%
re---ciatrice
82%
ca---nier-marin
77%
champig---nière
77%
contre-dé---ciation
77%
mo---ucléosique
77%
pro---ciation
77%
Aucun quiz correspondant
Distribution des résultats
% des personnes avec chaque résultat
Percentile par nombre de réponses
Votre historique - résultats
Vous n’avez pas pris ce quiz